The secret of ulniball / (Record no. 157920)

MARC details
000 -LEADER
fixed length control field 00479nam a22001817a 4500
005 - DATE AND TIME OF LATEST TRANSACTION
control field 20181010144218.0
010 ## - LCCN (DPL NO)
LC control number ENG-124225
020 ## - INTERNATIONAL STANDARD BOOK NUMBER
International Standard Book Number 9789386300843
Terms of availability 250.00
035 ## - SYSTEM CONTROL NUMBER
System control number EN-107757
037 ## - SOURCE OF ACQUISITION
Source of stock number/acquisition DBAD/PUB
082 ## - DEWEY DECIMAL CLASSIFICATION NUMBER
Classification number S
100 ## - MAIN ENTRY--PERSONAL NAME
Personal name Vyas, Nihar
245 ## - TITLE STATEMENT
Title The secret of ulniball /
Statement of responsibility, etc by Nihar Vyas
260 ## - PUBLICATION, DISTRIBUTION, ETC. (IMPRINT)
Place of publication, distribution, etc New Delhi
Name of publisher, distributor, etc Prabhat Prakashan
Date of publication, distribution, etc 2017
270 ## - ADDRESS
City New Delhi
Postal code 110002
Address 4/19 Asaf Ali Road,
300 ## - PHYSICAL DESCRIPTION
Extent 136p.
Dimensions 21cm.(Hb)
942 ## - ADDED ENTRY ELEMENTS (KOHA)
Source of classification or shelving scheme Dewey Decimal Classification
Item type English Books
Classification part S
Call number suffix VYA
Holdings
Withdrawn status Lost status Not for loan Collection code Home library Current library Date acquired Source of acquisition Cost, normal purchase price Full call number Barcode Copy number Cost, replacement price Koha item type
    Not For Loan Fiction D.B.Act.Division Patel Nagar 10/10/2018 DBAD/PUB 250.00 S VYA EN-107757 1 250.00 English Books

© Delhi Public Library
Hit Counter
free hit counter